Eastern Utah Libraries Catalog: Duchesne, Heber, Roosevelt, & Vernal

Real Americans : (Record no. 396544)

MARC details
000 -LEADER
fixed length control field 02181cam a2200409 i 4500
001 - CONTROL NUMBER
control field 1431004478
003 - CONTROL NUMBER IDENTIFIER
control field OCoLC
005 - DATE AND TIME OF LATEST TRANSACTION
control field 20240513140720.0
008 - FIXED-LENGTH DATA ELEMENTS--GENERAL INFORMATION
fixed length control field 240423t20242024nyu gd 000 1 eng
020 ## - INTERNATIONAL STANDARD BOOK NUMBER
International Standard Book Number 9780593862766
Qualifying information (paperback)
020 ## - INTERNATIONAL STANDARD BOOK NUMBER
International Standard Book Number 0593862767
Qualifying information (paperback)
035 ## - SYSTEM CONTROL NUMBER
System control number (OCoLC)1431004478
040 ## - CATALOGING SOURCE
Original cataloging agency NPC
Language of cataloging eng
Description conventions rda
Transcribing agency NPC
Modifying agency OCLCQ
-- IOS
-- OJ4
-- OCLCO
-- GK5
092 ## - LOCALLY ASSIGNED DEWEY CALL NUMBER (OCLC)
Classification number Large Print Fiction
Item number Khong
100 1# - MAIN ENTRY--PERSONAL NAME
Personal name Khong, Rachel,
Dates associated with a name 1985-
Relator term author.
9 (RLIN) 6487567
245 10 - TITLE STATEMENT
Title Real Americans :
Remainder of title a novel /
Statement of responsibility, etc Rachel Khong.
250 ## - EDITION STATEMENT
Edition statement First large print edition.
264 #1 - Production, Publication, Distribution, Manufacture, and Copyright Notice.
Place of production, publication, distribution, manufacture New York :
Name of producer, publisher, distributor, manufacturer Alfred A. Knopf,
Date of production, publication, distribution, manufacture, or copyr [2024]
264 #4 - Production, Publication, Distribution, Manufacture, and Copyright Notice.
Date of production, publication, distribution, manufacture, or copyr ©2024.
300 ## - PHYSICAL DESCRIPTION
Extent 595 pages (large print) ;
Dimensions 25 cm.
336 ## - Content Type
Content type term text
337 ## - Media type
Media type term unmediated
338 ## - Carrier type
Carrier type term volume
520 ## - SUMMARY, ETC.
Summary, etc Real Americans begins on the precipice of Y2K in New York City, when twenty-two-year-old Lily Chen, an unpaid intern at a slick media company, meets Matthew. Matthew is everything Lily is not: easygoing and effortlessly attractive, a native East Coaster, and, most notably, heir to a vast pharmaceutical empire. Lily couldn't be more different: flat-broke, raised in Tampa, the only child of scientists who fled Mao's Cultural Revolution. Despite all this, Lily and Matthew fall in love. In 2021, fifteen-year-old Nick Chen has never felt like he belonged on the isolated Washington island where he lives with his single mother, Lily. He can't shake the sense she's hiding something. When Nick sets out to find his biological father, the journey threatens to raise more questions than it provides answers.
650 #0 - SUBJECT ADDED ENTRY--TOPICAL TERM
Topical term or geographic name as entry element National characteristics, American
Form subdivision Fiction.
9 (RLIN) 5763548
650 #0 - SUBJECT ADDED ENTRY--TOPICAL TERM
Topical term or geographic name as entry element Chinese Americans
Form subdivision Fiction.
9 (RLIN) 5686720
650 #0 - SUBJECT ADDED ENTRY--TOPICAL TERM
Topical term or geographic name as entry element Families
Form subdivision Fiction.
9 (RLIN) 5674501
650 #0 - SUBJECT ADDED ENTRY--TOPICAL TERM
Topical term or geographic name as entry element Fate and fatalism
Form subdivision Fiction.
9 (RLIN) 5691628
655 #7 - INDEX TERM--GENRE/FORM
Genre/form data or focus term large print books.
Source of term aat
9 (RLIN) 5777956
655 #7 - INDEX TERM--GENRE/FORM
Genre/form data or focus term Novels.
Source of term lcgft.
655 #7 - INDEX TERM--GENRE/FORM
Genre/form data or focus term Domestic fiction.
Source of term lcgft.
655 #7 - INDEX TERM--GENRE/FORM
Genre/form data or focus term Large print books.
Source of term lcgft.
9 (RLIN) 5777956
655 #7 - INDEX TERM--GENRE/FORM
Genre/form data or focus term Romans.
Source of term rvmgf
9 (RLIN) 6374904
655 #7 - INDEX TERM--GENRE/FORM
Genre/form data or focus term Livres en gros caractères.
Source of term rvmgf
9 (RLIN) 6482101
907 ## - LOCAL DATA ELEMENT G, LDG (RLIN)
a .b491919736
942 ## - ADDED ENTRY ELEMENTS (KOHA)
Source of classification or shelving scheme Dewey Decimal Classification
Koha item type BOOK
Holdings
Withdrawn status Lost status Source of classification or shelving scheme Damaged status Not for loan Collection code Home library Current library Shelving location Date acquired Source of acquisition Total Checkouts Total Renewals Full call number Barcode Date last seen Date checked out Cost, replacement price Price effective from Koha item type
    Dewey Decimal Classification     Large Print Wasatch County Library Wasatch County Library First Floor 05/13/2024 Micromarketing 4 4 F Khong 34301002083766 02/05/2026 01/20/2026 31.00 05/13/2024 BOOK
This project was made possible through a grant from the Institute of Museum and Library Service administered by the Utah State Library Division.

Wasatch County Library

  • 465 East 1200 South, Heber City, Utah 84032
  • Phone 435-654-1511 | Fax 435-654-6456

Hours

  • Monday - Friday 9:30 AM - 8:00 PM
  • Saturday 9:30 AM - 1:30 PM
  • Closed Sundays and Holidays